书目信息 |
| 题名: |
计算机和人脑
|
|
| 作者: | 诺意曼 著 ;甘子玉 译 | |
| 分册: | ||
| 出版信息: | 北京 商务印书馆 1965 |
|
| 页数: | 62页 | |
| 开本: | 20cm | |
| 丛书名: | ||
| 单 册: | ||
| 中图分类: | TP32 | |
| 科图分类: | ||
| 主题词: | 电子计算机--基本知识--一般计算器和计算机 , 计算器 | |
| 电子资源: | ||
| ISBN: | ||
| 000 | 00702nam0 2200241 45 | |
| 001 | 0179006293 | |
| 005 | 20060731174318.03 | |
| 010 | @dCNY0.24 | |
| 091 | @a2017.147 | |
| 100 | @a19950728e19791965em y0chiy0121 ea | |
| 101 | 1 | @achi@ceng |
| 102 | @aCN@b110000 | |
| 105 | @ay z 000yy | |
| 200 | 10 | @a计算机和人脑@Aji suan ji he ren nao@f(美)约·冯·诺意曼著@F(mei)yue·feng·nuo yi man zhu@g甘子玉译 |
| 210 | @a北京@c商务印书馆@d1965@h1979重印 | |
| 215 | @a62页@d20cm | |
| 606 | @a电子计算机@x基本知识@x一般计算器和计算机 | |
| 606 | 0 | @a计算器 |
| 690 | @aTP32@v3 | |
| 701 | 0 | @a诺意曼@Anuo yi man@4著 |
| 702 | 0 | @a甘子玉@Agan zi yu@4译 |
| 801 | 0 | @aCN@bTSSF@c20060731 |
| 905 | @a10447@dTP32@e5 | |
| 计算机和人脑/(美)约·冯·诺意曼著/甘子玉译.-北京:商务印书馆,1965(1979重印) |
| 62页;20cm |
| ISBN :CNY0.24 |
| ● |
| 相关链接 |
|
|
|
|
正题名:计算机和人脑
索取号:TP32/5
 
预约/预借
| 序号 | 登录号 | 条形码 | 馆藏地/架位号 | 状态 | 备注 |
| 1 | 0018865 | 001634529 | 密集书库/ [索取号:TP32/5] | 在馆 | |
| 2 | 0437577 | 204375773 | 密集书库/ [索取号:TP32/5] | 在馆 | |
| 3 | 0437578 | 204375782 | 密集书库/ [索取号:TP32/5] | 在馆 | |
| 4 | 0437579 | 204375791 | 密集书库/ [索取号:TP32/5] | 在馆 | |
| 5 | 0439235 | 204392353 | 密集书库/ [索取号:TP32/5] | 在馆 |